KOHA-Header-6

M A Jinnah The outside View (Record no. 13248)

000 -LEADER
fixed length control field 00282nam a22001217a 4500
020 ## - INTERNATIONAL STANDARD BOOK NUMBER
ISBN 9789697280315
082 ## - DEWEY DECIMAL CLASSIFICATION NUMBER
Classification number 324.22
100 ## - MAIN ENTRY--AUTHOR NAME
Personal name M R Kazimi
245 ## - TITLE STATEMENT
Title M A Jinnah The outside View
260 ## - PUBLICATION, DISTRIBUTION, ETC. (IMPRINT)
Place of publication Lahore Pakistan
Name of publisher Peace Publications
Year of publication 2021
300 ## - PHYSICAL DESCRIPTION
Number of Pages 244 pages
942 ## - ADDED ENTRY ELEMENTS (KOHA)
Koha item type Books
Holdings
Withdrawn status Lost status Collection code Permanent Location Current Location Shelving location Date acquired Full call number Accession Number Koha item type
      MAJU MAJU   2022-03-01 324.22 10332 Pakistan Studies

Powered by Koha